MARC

LEADER 00000nam0a2200000 4500
001 356130
005 20231207153307.0
035 |a (RuTPU)RU\TPU\retro\13390 
090 |a 356130 
100 |a 20200715d1946 m y0rusy50 ca 
101 0 |a rus 
102 |a RU 
105 |a y z 000ay 
181 0 |b  e  
200 1 |a Мцыри. Демон  |f М. Ю. Лермонтов 
210 |a Москва  |c Государственное издательство "Художественная литература"  |d 1946 
215 |a 62 с. 
283 |a volume 
606 1 |a Русская литература, дореволюционная  |2 stltpush  |3 (RuTPU)RU\TPU\subj\26371  |9 50314 
610 1 |a русская поэзия 
610 1 |a поэмы 
610 1 |a стихи 
675 |a Р2  |v 4 
700 1 |a Лермонтов  |b М. Ю.  |c русский поэт  |c писатель  |f 1814-1841  |g Михаил Юрьевич  |3 (RuTPU)RU\TPU\pers\1023  |9 452 
801 1 |a RU  |b 63413507  |c 20200715 
801 2 |a RU  |b 63413507  |c 20200720  |g RCR 
942 |c BK